• 首页
  • 本馆介绍
  • 公告通知
  • 最新文献
  • 馆藏检索
  • 电子资源
  • 读者导购
  • 参考咨询
  • 我的图书馆
  • 登录
  • 详细信息显示
  • 放入我的书架
  • 预约/预借图书
  • 作者相关作品
  • 分类相关作品
  • 丛书相关作品
  • 出版社相关作品

书目信息

  • 表格格式
  • 工作单格式
  • 卡片格式
题名:
西洋百首名曲详解
    
 
作者: 人民音乐出版社编辑部 编
分册:  
出版信息: 北京   人民音乐出版社  1985
页数: 718页
开本: 20cm
丛书名:
单 册:
中图分类: J651
科图分类:
主题词: 外国音乐--作品 , 音乐--各国--作品
电子资源:
ISBN: 7-103-00421-8
000 00626nam0 2200193 45
001 0312221749
005 20070805141522.89
010    @a7-103-00421-8@dCNY30.90
100    @a20031222d1985 km y0chiy0120 ea
101    @achi
200 1  @a西洋百首名曲详解@AXi Yang Bai Shou Ming Qu Xiang Jie@f人民音乐出版社编辑部编@FRen Min Yin Yue Chu Ban She Bian Ji Bu Bian
210    @a北京@c人民音乐出版社@d1985
215    @a718页@d20cm
606 0  @a外国音乐@x作品
606 0  @a音乐@y各国@x作品
690    @aJ651@v3
701 0  @a人民音乐出版社编辑部@4编
801    @aCN@bTSTCL@c20070805
905    @a213230@dJ651@e106@b151835@f1@b313613-619@f7
    
    西洋百首名曲详解/人民音乐出版社编辑部编.-北京:人民音乐出版社,1985
    718页;20cm
    
    
    ISBN 7-103-00421-8:CNY30.90
    
●
相关链接 在E读中查询图书 在五车中查询图书 在当当中查询图书 在豆瓣中查询图书


正题名:西洋百首名曲详解     索取号:J651/106         预约/预借

序号 登录号 条形码 馆藏地/架位号 状态 备注
1 0313613   203136132   第一借阅区/ [索取号:J651/106] 在馆    
2 0313614   203136141   第一借阅区/ [索取号:J651/106] 在馆    
3 0313615   203136150   第一借阅区/ [索取号:J651/106] 在馆    
4 0313616   203136169   第一借阅区/ [索取号:J651/106] 在馆    
5 0313618   203136187   第一借阅区/ [索取号:J651/106] 在馆    
6 0313619   203136196   第一样本阅览室/ [索取号:J651/106] 在馆    
7 0804846   208048469   第一借阅区/ [索取号:J651/106] 在馆    
8 0804847   208048478   第一借阅区/ [索取号:J651/106] 在馆    
9 0804848   208048487   音乐系资料室/ [索取号:J651/106] 在馆    
10 0804849   208048496   音乐系资料室/ [索取号:J651/106] 在馆    
11 0804850   208048502   密集书库-音乐系/ [索取号:J651/106] 在馆    
唐山师范学院图书馆 欢迎您!
大连网信软件有限公司© 版权所有